| 000 | 00962cam a22002651i 4500 | ||
|---|---|---|---|
| 003 | SA-RiAUC | ||
| 005 | 20250805065231.0 | ||
| 008 | 250803s1973 ku bo g 00000 ara c | ||
| 040 |
_aSA-RiAUC _bara _cSA-RiAUC _erda |
||
| 082 | 0 | 4 |
_a252.5 _qSA-RiAUC |
| 090 |
_a252.5 _bا ي و |
||
| 100 | 1 |
_aأيوب، حسن، _d1918-2008 _eمؤلف. |
|
| 245 | 1 | 2 |
_aالحج في الإسلام / _cتأليف حسن أيوب. |
| 250 | _aالطبعة الأولى. | ||
| 264 | 1 |
_aالكويت : _bدار القلم، _c1973 |
|
| 300 |
_a400 صفحة : _bخرائط، صور ؛ _c17 سم. |
||
| 336 |
_aنص _btxt _2rdacontent _3كتاب |
||
| 337 |
_aبدون وسيط _bn _2rdamedia |
||
| 338 |
_aمجلد _bnc _2rdacarrier |
||
| 490 | 0 |
_aرسالة المسجد ؛ _v5 |
|
| 650 | 7 |
_aالحج (فقه إسلامي) _xمناسك _2aucsh |
|
| 650 | 7 |
_aالعبادات (فقه إسلامي) _2aucsh |
|
| 942 |
_2ddc _cBOOK _n0 |
||
| 949 |
_aSA-JeALM _d250803 _umohamedma123 _n1 |
||
| 999 |
_c10560 _d10560 |
||